| 000 | 00722nam a2200229 i 4500 | ||
|---|---|---|---|
| 001 | 61520 | ||
| 003 | ES-MaACL | ||
| 005 | 20250505180654.0 | ||
| 007 | t| | ||
| 008 | 031112s1950 sp ||||1| spa d | ||
| 100 | 1 |
_aFabre-Luce, Alfred. _948543 |
|
| 245 | 1 | 3 |
_aEl siglo se configura / _cAlfred Fabre-Luce ; [traducción de Manuel Fraga Iribarne]. |
| 250 | _a1ª ed. | ||
| 260 |
_aMadrid : _bEdiciones y Publicaciones Españolas, _c1950 ( _fSánchez) |
||
| 300 |
_a254 p. ; _c19 cm. |
||
| 490 | 1 | _aTemas actuales | |
| 651 | 4 |
_aEuropa- _xHistoria- _yS.XX. _98614 |
|
| 700 | 1 |
_aFraga Iribarne, Manuel, _d1922-2012 _9193721 |
|
| 830 | 1 |
_aTemas actuales _9180872 |
|
| 852 |
_aES-MaACL _jB-12837 |
||
| 999 |
_c61520 _d61520 |
||